00661nam a2200205 a 450000100100000000500170001000800410002704000250006808200240009310000320011724500450014925000110019426000350020530000210024049000350026150400740029665000240037065000260039483000350042000001933320200929170003.0100624s1946 ag 000 p spa d aDO-SdBNPbspacBNPHU a861.64bA334p, 19461 aAlberti, Rafael,d1902-199910aPoesía :b1924-1944 /cRafael Alberti. a2a ed. aBuenos Aires :bLosada,c1946. a326 p. ;c23 cm.1 aPoetas de España y América aIncluye referencias bibliográficas y notas al pie de las páginas. 4aPoesía española 4aLiteratura española 0aPoetas de España y América